|
|
|
|
| LEADER |
00668nab a2200181 i 4500 |
| 001 |
acta51734 |
| 005 |
20250407095011.0 |
| 008 |
180508s1939 hu o 000 hun d |
| 040 |
|
|
|a SZTE Egyetemi Kiadványok Repozitórium
|b hun
|
| 041 |
|
|
|a hun
|
| 245 |
0 |
0 |
|a Magyarország területi változásai
|h [elektronikus dokumentum]
|
| 260 |
|
|
|c 1939
|
| 300 |
|
|
|a 6-17
|
| 490 |
0 |
|
|a Gyakorlati pedagógia
|
| 650 |
|
4 |
|a Bölcsészettudományok
|
| 650 |
|
4 |
|a Történettudomány és régészet
|
| 695 |
|
|
|a Magyarország története - 9-20. sz., Földrajz - történeti - Magyarország
|
| 856 |
4 |
0 |
|u http://acta.bibl.u-szeged.hu/51734/1/gyakorlati_1939_001_002_006-017.pdf
|z Dokumentum-elérés
|